| 000 | 00836nam a22002657a 4500 | ||
|---|---|---|---|
| 001 | 43293 | ||
| 003 | UA-OsUOA | ||
| 005 | 20220912154744.0 | ||
| 007 | ta | ||
| 008 | 20061219b un ||||| |||| 00| 0 ukr d | ||
| 020 | _a9660604149 | ||
| 040 |
_aUA-OsUOA _bukr _cUA-OsUOA _dUA-OsUOA |
||
| 041 | _aukr | ||
| 080 | _a94(35)(075.8) | ||
| 090 |
_a94(35)(075.8) _bК82 |
||
| 100 | _aКрижанівський О. П. | ||
| 245 |
_aІсторія Стародавнього Сходу _bпідручник _cО. П. Крижанівський |
||
| 250 | _a3-тє вид., стереотип. | ||
| 260 |
_aК. _bЛибідь _c2006 |
||
| 300 | _a592 с. | ||
| 650 | 7 |
_a9 Географія. Біографії. Історія _2UDC |
|
| 942 |
_cBK _2udc |
||
| 955 | _a2 | ||
| 999 |
_c329423 _d329423 |
||